| 000 | 00554nam a22001937a 4500 | ||
|---|---|---|---|
| 003 | OSt | ||
| 005 | 20140310183057.0 | ||
| 008 | 130301t xxu||||| |||| 00| 0 eng d | ||
| 050 |
_aHN 712 _bF589 1970 |
||
| 082 |
_aFIL 301.3509914 _bF61 1970 |
||
| 245 |
_aDoctor to the barrios _bexperiences with the Philippine Rural Reconstruction Movement _cFlavier, Juan M. |
||
| 260 |
_aQuezon City _bNew Day Pub. _cc1970 |
||
| 300 |
_a208 p. _c18 cm. |
||
| 521 | _aCollege | ||
| 526 | _c1210L-1700L | ||
| 541 | _j1 | ||
| 562 | _e1 | ||
| 942 |
_2lcc _cBK _kFIL |
||
| 999 |
_c18693 _d18693 |
||